00902cam a2200217Ka 450008200170000010000310001724500740004826000390012230000490016150000220021050000860023250500280031850500140034652600370036065000130039785600640041085600640047494200120053899900190055095201150056904a954.031bHED1 aHedin, Sven Anders,94998510aTrans-Himalayabdiscoveries and adventures in Tibet /cby Sven Hedin. aNew York :bMacmillan,c1909-1913. a1 online resource (3 v.) :bill. (some col.) aIncludes indexes. aVols. 1-2 published in 1909 as a 2-vol. work. Vol. 3 published in 1913 in London.0 avols 1-2; 1913 = vol 3.0 avols 1-3. a0b0c0d954_031000000000000_HED aMCE937940uhttp://catalog.hathitrust.org/api/volumes/oclc/2963345.html40uhttp://catalog.hathitrust.org/api/volumes/oclc/3380828.html 2ddccBK c553129d553129 00102ddc4070aMCEbMCEcArchive Sectiond2015-01-29l0o954.031 HEDpMCE-ECT/38r2015-01-29w2015-01-29yBK